000 00586cam a22002291 4500
001 sa 65002448
003 DLC
005 20260227112116.0
008 890706s1964 ii a 000 0 beno
010 _asa 65002448
035 _a(OCoLC)19973238
040 _aDLC
_cWaU
_dDLC
041 0 _abensan
042 _apremarc
050 0 0 _aPK3796
_b.M5 1964b
100 0 _aKālidāsa.
245 1 0 _aMeghadūta.
260 _c[1964]
300 _a80 p.
_bcol. illus.
_c25 cm.
500 _aBengali and Sanskrit; introductory material in Bengali.
700 1 _aRoy, Kalidas,
_d1889-1975.
999 _c62637
_d62637